000 00308nam a2200133Ia 4500
008 240624s9999 xx 000 0 und d
041 _aeng
082 _a920 CAS
100 _aCASTRO FIDEL
245 _aMY LIFE
260 _c2007
_aNew York
_bScribner
300 _av, : 723 : p. : cm. ; 24
365 _c
_b20
999 _c14342
_d14342